000 00372 a2200145 4500
001 166874
020 _a
040 _cMagnum
100 _aKeleman, Stanley
240 1 0 _aCorporificando a experiencia: construindo uma vida pessoal
_lpor
245 1 0 _aCorporificando a experiencia: construindo uma vida pessoal
362 0 _a1899
697 _aPSICOLOGIA
942 _cBK
999 _c166874
_d166874